| 000 | 00730nam a22002297a 4500 | ||
|---|---|---|---|
| 005 | 20170124110232.0 | ||
| 010 | _aB-119534 | ||
| 020 |
_c00.00 _a817829303 |
||
| 035 | _aB-119534 | ||
| 037 | _bCen Lib/Ret | ||
| 040 |
_aDPL _bEN |
||
| 082 |
_a320.54 _bIND |
||
| 245 |
_aIndia : _cedited by Geeti Sen _ba national culture? / |
||
| 260 |
_aNew Delhi _bSage Publications _c2004 |
||
| 270 |
_bNew Delhi _aB-42, Panchsheel Enclave _e110017 |
||
| 300 |
_a294p.: _c23cm(Hb) |
||
| 500 | _aIncludes bibliographical references | ||
| 650 |
_aCivilization _y 20th century _zIndia _941503 |
||
| 650 |
_aNationalism _y 20th century _zIndia _941504 |
||
| 700 |
_aSen, Geeti _941505 |
||
| 942 |
_2ddc _cEN _h320.54 _mIND |
||
| 999 |
_c134703 _d134703 |
||